00851nabaa22001577a 4500003000400000005001700004008004100021040000700062100002800069245012400097300001100221505022900232505009000461650002700551773011500578OSt20260122081243.0190701b xxu||||| |||| 00| 0 spa d cPJ aRiva, Ignacio M. de la 13aLa influencia de Juan Bautista Alberdi en la formación del derecho administrativo argentino /cIgnacio M. de la Riva. ap. 3-9 aSumario: I. Personalidad y trayectoria de Alberdi.— II. El pensamientode Alberdi.— III. Escritos jurídicos de Alberdi.— IV. Aportes de Alberdi a la formación del derecho administrativo argentino.— V. Colofón.  t¿Te interesa el texto completo? Comunicate al correo: koha@justierradelfuego.gov.ar  0aDERECHO ADMINISTRATIVO0 02842dBuenos Aires : AbeledoPerrot, 2012-oDA121tDerecho administrativo. Nº 145 enero/febrero 2023z18510590